| 000 | 00807nam a2200217Ia 4500 | ||
|---|---|---|---|
| 999 |
_c56057 _d56057 |
||
| 001 | 23157 | ||
| 003 | GE_BSU | ||
| 005 | 20230724111747.0 | ||
| 008 | 181216s1974||||ge |||||||||||||| ||geo|| | ||
| 040 | _cGE_BSU | ||
| 041 | _ageo | ||
| 080 | _a821.133.1-21 რ-25 | ||
| 100 |
_aრასინი, ჟან _919500 |
||
| 245 |
_aფედრა : _bტრაგედია 5 მოქმედებად / _cჟან რასინი ; თარგმნა ოთ. ჭილაძემ. |
||
| 264 |
_aთბილისი : _b[?], _c1974. |
||
| 300 |
_a94 გვ. ; _c16 სმ. |
||
| 541 | _h0,42 თ. | ||
| 653 | _aფედრა : ტრაგედია 5 მოქმედებად | ||
| 700 |
_aჭილაძე, ოთ. _eმთარგმნელი _919501 |
||
| 942 |
_cBK _2udc |
||